|
|
|
|
| LEADER |
00000nab a2200000 a 4500 |
| 001 |
vtls010080765 |
| 003 |
SK-MaSNL |
| 005 |
20260426091754.0 |
| 008 |
250708c2009 xo |||||||||||000 b|slo |
| 015 |
|
|
|a SNBRB2010/03
|2 snkbucl
|
| 035 |
|
|
|a (uuid)34b503b8-a8ff-4287-8a43-ef6f29f9f706
|
| 035 |
|
|
|a urn:nbn:sk:snk-ab15w5
|
| 035 |
|
|
|a (urnnbn)urn:nbn:sk:snk:ar-a06o2i
|
| 038 |
|
|
|a SNKBUCL
|
| 040 |
|
|
|a SNKBUCL
|b slo
|c SNKBUCL
|e AACR2
|
| 041 |
0 |
|
|a slo
|b eng
|
| 044 |
|
|
|a xo
|c SK
|
| 080 |
|
|
|a 556.531:556.114
|x (437.6)
|2 2001
|
| 080 |
|
|
|a 502.175:502.51
|2 2001
|
| 080 |
|
|
|a 556.114
|2 2001
|
| 080 |
|
|
|a 504.5:502.51
|2 2001
|
| 080 |
|
|
|a 502.51
|2 2001
|
| 245 |
0 |
0 |
|a Vplyv rôznych ekosystémov na koncentráciu celkového a fosforečnanového fosforu vo vodnom toku Čerešňový potok
|c Jaroslav Noskovič ... [et al.]
|
| 300 |
|
|
|b Grafy, mp., tab.
|
| 504 |
|
|
|a Bibliogr. odkazy
|
| 546 |
|
|
|a Res. angl.
|
| 648 |
|
7 |
|a 2002-2004
|2 snkbucl
|9 315568
|
| 650 |
0 |
7 |
|a vodné toky
|2 snkbucl
|9 3750
|
| 650 |
0 |
7 |
|a fosfor
|2 snkbucl
|9 15990
|
| 650 |
0 |
7 |
|a chemické látky
|2 snkbucl
|9 58522
|
| 650 |
0 |
7 |
|a kvalita vody
|2 snkbucl
|9 26942
|
| 650 |
0 |
7 |
|a ekosystémy
|2 snkbucl
|9 3902
|
| 650 |
0 |
7 |
|a znečistenie vodných tokov
|2 snkbucl
|9 82760
|
| 651 |
|
7 |
|a Čerešňový potok (Slovensko : rieka)
|2 snkbucl
|9 103246
|
| 700 |
1 |
|
|a Noskovič, Jaroslav,
|d 1951-
|4 aut
|9 195132
|
| 700 |
1 |
|
|a Kvetanová, Ľubomíra
|4 aut
|9 701740
|
| 700 |
1 |
|
|a Palatická, Alexandra
|4 aut
|9 701739
|
| 700 |
1 |
|
|a Sozanský, Peter
|4 aut
|9 821855
|
| 700 |
1 |
|
|a Babošová, Mária,
|d 1972-
|4 aut
|9 185721
|
| 773 |
0 |
|
|t Acta hydrologica slovaca
|g Roč. 10, č. 2 (2009), s. 213-221
|x 1335-6291
|
| 850 |
|
|
|a Slovenská národná knižnica
|
| 852 |
|
|
|a Slovenská národná knižnica
|
| 954 |
|
|
|a odborná, vedecká literatúra pôvodná (slovenská)
|2 lita
|
| 958 |
|
|
|a article27
|
| 958 |
|
|
|a NB
|
| 958 |
|
|
|a SK
|
| 958 |
|
|
|a OND
|
| 958 |
|
|
|a EUIPO
|
| 999 |
|
|
|c 3035405
|d 3037335
|